000 01141nam a22002897a 4500
001 4918
003 FISKH
005 20241025091950.0
008 241025b cb ||||| |||| 00| 0 eng d
020 _a9780194802574
040 _aFISKH
_ceng
_bFISKH
_dFISKH
082 _a428
100 _aArengo, Sue
245 _aThe shoemaker and the elves /
_cRetold by Sue Arengo Illustrated by Adam Stower
250 _a2009
260 _aNew York :
_bOxford,
_c2009.
300 _a29 pages :
_bColor illustrations ;
_c25 cm
505 _aG
520 _aThese traditional favorite stories are ideal for children. Each beautifully illustrated story is retold in language that students easily understand. Each book includes activities, puzzles, and an illustrated glossary. The Activity Books provide additional reading, writing, and pronunciation practice of the key vocabulary, and language structures.
521 8 _a410L
_bLexile
521 8 _aG
_bRaz-Plus
650 _2Fairy tales
_aEasy reader
650 _2Children's paperback
_aPicture book
700 _aStower, Adam
_dIllustrator
942 _2ddc
_cBK
_n0
999 _c4918
_d4918